000 00521nam a22001457a 4500
008 140904b xxu||||| |||| 00| 0 eng d
020 _a0406851093
050 _aKD288.A64 (1957 Vol.1)
245 _aThe All England Law Reports(1957 Vol. 1): incorporating the Law times reports, Law journal reports. /
_cEdited by: J. F Edgerley.
260 _aLondon:
_bButterworth & Co Ltd.,
_c1957.
300 _axxv, 936p.:
_c24cm.
440 _pThe All England law reports 1957
_vVol. 1
800 _aEdgerley J. F
942 _2lcc
_cBK
999 _c4299
_d11799